| 000 -LEADER |
| fixed length control field |
00765nam a22001937a 4500 |
| 001 - CONTROL NUMBER |
| control field |
12460 |
| 003 - CONTROL NUMBER IDENTIFIER |
| control field |
BD-DhUAP |
| 005 - DATE AND TIME OF LATEST TRANSACTION |
| control field |
20201115150215.0 |
| 008 - FIXED-LENGTH DATA ELEMENTS--GENERAL INFORMATION |
| fixed length control field |
201115s2009 bg |||| |||| 000 0 ben d |
| 020 ## - INTERNATIONAL STANDARD BOOK NUMBER |
| International Standard Book Number |
9847015601188 |
| 040 ## - CATALOGING SOURCE |
| Original cataloging agency |
BD-DhUAP |
| Language of cataloging |
Ben |
| Transcribing agency |
BD-DhUAP |
| Modifying agency |
BD-DhUAP |
| 082 ## - DEWEY DECIMAL CLASSIFICATION NUMBER |
| Edition number |
23 |
| Classification number |
149.97 UTT |
| 245 ## - TITLE STATEMENT |
| Title |
উত্তরাধুনিক চিন্তাধারা : |
| Remainder of title |
দ্বন্দ্ব-সংঘর্ষ / |
| Statement of responsibility, etc. |
রতনতনু ঘোষ কর্তৃক সম্পাদিত। |
| 260 ## - PUBLICATION, DISTRIBUTION, ETC. |
| Place of publication, distribution, etc. |
ঢাকা : |
| Name of publisher, distributor, etc. |
মাওলা ব্রাদার্স, |
| Date of publication, distribution, etc. |
২০০৯। |
| 300 ## - PHYSICAL DESCRIPTION |
| Extent |
১৬০ পৃষ্ঠা ; |
| Dimensions |
২২ সেমি.। |
| 650 ## - SUBJECT ADDED ENTRY--TOPICAL TERM |
| Topical term or geographic name entry element |
Postmodernism. |
| 700 ## - ADDED ENTRY--PERSONAL NAME |
| Personal name |
ঘোষ, রতনতনু। |
| 942 ## - ADDED ENTRY ELEMENTS (KOHA) |
| Source of classification or shelving scheme |
|
| Koha item type |
Book |